100 Biggest Cities of Georgia on a Map - Statistics

General Stats
  • This quiz has been taken 436 times
  • The average score is 11 of 100
Answers on the Map
Answers color-coded by a green-red scale on the quiz's map according to % correct below.
 
Answer Stats
Population City % Correct
1,184,818 Tbilisi
99%
152,839 Batumi
87%
147,635 Kutaisi
69%
48,143 Gori
49%
41,465 Poti
48%
125,103 Rustavi
48%
65,530 Aqwa
39%
7,940 Mtskheta
37%
42,998 Zugdidi
31%
32,699 Tchinval
30%
19,629 Telavi
30%
10,546 Borjomi
24%
11,959 Gagra
21%
16,546 Kobuleti
20%
14,785 Ozurgeti
20%
17,903 Akhaltsikhe
18%
26,135 Khashuri
15%
5,144 Ninotsminda
15%
25,318 Samtredia
15%
12,803 Chiatura
14%
20,814 Zestaponi
14%
8,295 Akhalkalaki
13%
7,105 Akhmeta
13%
13,423 Kaspi
13%
21,596 Senaki
13%
7,449 Gal
11%
20,211 Marneuli
11%
4,425 Martvili
11%
6,140 Sachkhere
11%
10,871 Sagarejo
11%
10,753 Gardabani
10%
6,654 Kareli
10%
8,987 Khoni
10%
5,918 Lagodekhi
10%
5,276 Ochamchire
10%
7,337 Sadakhlo
10%
8,967 Bolnisi
8%
8,820 Gudauta
8%
3,738 | 8,024 Gurjaani
8%
4,242 Khobi
8%
6,395 Lanchkhuti
8%
7,492 Surami
8%
4,644 Terjola
8%
3,744 Vani
8%
4,941 Abasha
7%
3,707 Baghdati
7%
5,940 Dedoplistskaro
7%
6,167 Dusheti
7%
4,088 Pitsunda
7%
6,720 Chakvi
6%
9,770 Tkibuli
6%
11,281 Tsqaltubo
6%
4,963 Gantiadi
4%
3,847 Gulripshi
4%
5,097 Tkvarcheli
4%
3,847 Tsalenjikha
4%
3,646 Vale
4%
5,049 Geguti
3%
7,739 Kvareli
3%
6,197 Mukhrani
3%
5,139 Ruisi
3%
4,815 Tsnori
3%
3,364 Agara
1%
4,158 Akhalsopeli
1%
4,253 Algeti
1%
4,670 Gamarjveba
1%
3,873 Kardenakhi
1%
4,340 Kazreti
1%
4,793 Kesalo
1%
3,539 Khidistavi
1%
3,483 Khutsubani
1%
3,962 Kurdghelauri
1%
7,397 Martqopi
1%
4,451 Matani
1%
3,756 Norio
1%
5,355 Ochkhamuri
1%
8,191 Tserovani
1%
4,835 Bzyph
0%
3,651 Chumlaqi
0%
3,359 Didi jikhaishi
0%
4,049 Ingiri
0%
4,024 Kakhati
0%
6,196 Karaleti
0%
4,162 Kvemo Bolnisi
0%
4,126 Maghlaki
0%
4,210 Mughanlo
0%
3,686 Nakhiduri
0%
4,850 Nazarlo
0%
5,090 Partskhanaqanevi
0%
4,891 Qarajala
0%
4,136 Qarajalari
0%
7,291 Qizil-Ajlo
0%
3,403 Sabirkendi
0%
6,009 Sartichala
0%
3,927 Shilda
0%
5,038 Talaveri
0%
3,590 Tsilkani
0%
3,686 Vaziani
0%
4,508 Velistsikhe
0%
No matching quizzes found
Score Distribution
Percent of People with Each Score
Percentile by Number Answered
Your Score History
You have not taken this quiz